[Event "5th SPICE Cup GpC"]
[Site "Lubbock USA"]
[Date "2011.10.18"]
[Round "6"]
[White "Finegold,B"]
[Black "Troff,Kayden W"]
[Result "1-0"]
[WhiteElo "2489"]
[BlackElo "2306"]

1.e4 c5 2.Nf3 d6 3.c3 Nf6 4.Bd3 Nc6 5.h3 g6 6.Bc2 Bg7 7.d4 cxd4 8.cxd4 O-O
9.Nc3 b6 10.O-O Bb7 11.Re1 Rc8 12.Bg5 h6 13.Be3 Na5 14.Qe2 e6 15.Rad1 Rxc3
16.bxc3 Nxe4 17.Bxe4 Bxe4 18.Nd2 Bb7 19.Nb3 Nxb3 20.axb3 Qc8 21.c4 Kh7 22.f3 Re8
23.Bf2 Bc6 24.Qa2 Qb8 25.d5 Ba8 26.dxe6 fxe6 27.Bg3 e5 28.Re3 Qc7 29.Red3 Re6
30.b4 Rf6 31.Ra3 Rf7 32.Kh2 h5 33.Ra1 e4 34.Rxa7 Bb7 35.Rf1 h4 36.Bxh4 e3
37.Bg3 Re7 38.Qe2 Bc3 39.f4 b5 40.cxb5 d5 41.f5 Be5 42.fxg6+ Kg8 43.Qxe3 d4
44.Bxe5 Rxe5 45.Qf4 Re7 46.Qxc7 Rxc7 47.Rf7  1-0

[Event "5th SPICE Cup GpC"]
[Site "Lubbock USA"]
[Date "2011.10.18"]
[Round "7"]
[White "Friedel,J"]
[Black "Finegold,B"]
[Result "1-0"]
[WhiteElo "2518"]
[BlackElo "2489"]

1.e4 c5 2.Nf3 Nc6 3.d4 cxd4 4.Nxd4 g6 5.c4 Nf6 6.Nc3 d6 7.Be2 Nxd4 8.Qxd4 Bg7
9.Bg5 O-O 10.Qd2 a5 11.Rd1 Be6 12.Qe3 Nd7 13.h4 f6 14.Bf4 Qb6 15.Qd2 f5 16.h5 fxe4
17.Be3 Qb4 18.hxg6 hxg6 19.a3 Qb3 20.Nd5 Bxd5 21.Qxd5+ Rf7 22.Qxe4 Qxb2 23.Qxg6 Qc3+
24.Kf1 Kf8 25.Rh3 Qf6 26.Qb1 Qb2 27.Bh5 Qxb1 28.Rxb1 Rf6 29.Rxb7 Nc5 30.Rb5 Ne6
31.Bf3 Rc8 32.Rxa5 Nf4 33.Rh4 Ng6 34.Re4 Ne5 35.Be2 Rb8 36.g4 Rb1+ 37.Kg2 Kf7
38.g5 Ng4  1-0

[Event "5th SPICE Cup GpC"]
[Site "Lubbock USA"]
[Date "2011.10.19"]
[Round "8"]
[White "Finegold,B"]
[Black "Neimer,V"]
[Result "1-0"]
[WhiteElo "2489"]
[BlackElo "2373"]

1.d4 Nf6 2.c4 e6 3.Nc3 Bb4 4.Qc2 O-O 5.Nf3 c5 6.dxc5 Na6 7.g3 Nxc5 8.Bg2 Nce4
9.O-O Nxc3 10.bxc3 Be7 11.Rd1 Qc7 12.Qd3 Rd8 13.Rb1 Rb8 14.Be3 b6 15.Bf4 d6
16.Nd4 Bd7 17.Nb5 Bxb5 18.cxb5 Nh5 19.Bd2 d5 20.e4 Nf6 21.exd5 Nxd5 22.c4 Nf6
23.Qe2 Rbc8 24.Bc6 Bc5 25.Bc3 Qe7 26.Kg2 h6 27.h3 Rxd1 28.Rxd1 Rd8 29.Be5 Bd6
30.Qd3 Ne8 31.Bb2 Bc7 32.Qf3 Rxd1 33.Qxd1 Nf6 34.Qd3 Bd6 35.a4 Nd7 36.Bxd7 Qxd7
37.a5 Qc7 38.a6 f5 39.g4 Be5 40.Ba3 g6 41.Qf3 fxg4 42.Qxg4 Kf7 43.Qf3+ Kg8
44.Qf8+ Kh7 45.Qe7+ Qxe7 46.Bxe7 Kg7 47.Bd8 Bb8 48.Bxb6 axb6 49.c5 bxc5 50.b6  1-0

[Event "5th SPICE Cup GpC"]
[Site "Lubbock USA"]
[Date "2011.10.19"]
[Round "9"]
[White "Altounian,L"]
[Black "Finegold,B"]
[Result "1/2-1/2"]
[WhiteElo "2429"]
[BlackElo "2489"]

1.e4 c5 2.c3 d5 3.exd5 Qxd5 4.d4 Nf6 5.Nf3 Bg4 6.Be2 e6 7.h3 Bh5 8.O-O Nc6
9.Be3 cxd4 10.cxd4 Be7 11.Nc3 Qd6 12.Qb3 O-O 13.Rfd1 Rfd8 14.a3 Nd5 15.Nxd5 exd5
16.Rac1 Bxf3 17.Bxf3 Na5 18.Qc3 Nc4 19.Bxd5 Nxe3 20.Qxe3 h6 21.Bxb7 Bg5 22.Qf3 Bxc1
23.Bxa8  1/2-1/2

[Event "2nd Invitational"]
[Site "Saint Louis USA"]
[Date "2012.04.09"]
[Round "1"]
[White "Moradiabadi,E"]
[Black "Finegold,B"]
[Result "1-0"]
[WhiteElo "2542"]
[BlackElo "2505"]

1.d4 Nf6 2.c4 g6 3.Nc3 Bg7 4.e4 d6 5.Nf3 O-O 6.h3 c5 7.d5 e6 8.Bd3 Na6 9.O-O Nc7
10.Re1 e5 11.a3 Nfe8 12.b4 b6 13.Bg5 f6 14.Bh4 g5 15.Bg3 f5 16.exf5 e4 17.Nxe4 Bxa1
18.Qxa1 Rxf5 19.Qc1 h6 20.h4 g4 21.Nh2 h5 22.f3 Rf7 23.Qh6 Rh7 24.Nf6+ Nxf6
25.Bxh7+ Nxh7 26.Qg6+ Kh8 27.Bxd6  1-0

[Event "2nd Invitational"]
[Site "Saint Louis USA"]
[Date "2012.04.10"]
[Round "2"]
[White "Finegold,B"]
[Black "Young,An"]
[Result "1-0"]
[WhiteElo "2505"]
[BlackElo "2321"]

1.b3 Nf6 2.Bb2 e6 3.Nf3 Be7 4.e3 O-O 5.Rg1 Ne8 6.g4 Bf6 7.d4 g6 8.h4 b6 9.Nbd2 Bb7
10.Bd3 a5 11.h5 d6 12.hxg6 fxg6 13.g5 Bg7 14.Nh4 Nc6 15.Nxg6 hxg6 16.Bxg6 Ne7
17.Bd3 Nf5 18.Qh5 Qe7 19.O-O-O c5 20.Rg4 cxd4 21.e4 Ne3 22.fxe3 dxe3 23.Nc4 Bxb2+
24.Kxb2 Qg7+ 25.Kb1 a4 26.Qh6 axb3 27.Qxg7+ Kxg7 28.axb3 Rf3 29.Re1 Ba6 30.Nxb6 Rb8
31.Bxa6 Rxb6 32.Be2 Rh3 33.Rg2 Nc7 34.Bg4 Rh4 35.Rxe3 Rb5 36.Rc3 Rc5 37.Rxc5 dxc5
38.Kb2 Kg6 39.Kc3 Kxg5 40.Bxe6+ Kf6 41.Bf5 Ke5 42.Kc4 Rh6 43.Rg7 Na6 44.c3  1-0

[Event "2nd Invitational"]
[Site "Saint Louis USA"]
[Date "2012.04.10"]
[Round "3"]
[White "Gerzhoy,L"]
[Black "Finegold,B"]
[Result "1/2-1/2"]
[WhiteElo "2489"]
[BlackElo "2505"]

1.d4 d5 2.c4 c6 3.Nf3 Nf6 4.e3 g6 5.Nc3 Bg7 6.Be2 O-O 7.O-O a6 8.b3 c5 9.cxd5 Nxd5
10.Nxd5 Qxd5 11.Bb2 Nc6 12.Rc1 cxd4 13.Nxd4 Nxd4 14.Bxd4 Bxd4 15.Qxd4 Qxd4
16.exd4 Rd8 17.Rc7 Kf8 18.Rfc1 Rb8 19.Bf3 b5 20.d5 Bd7 21.Ra7 Rb6 22.h4 h5
23.b4 Rd6 24.a3 Bg4 25.Bxg4 hxg4 26.Rcc7 Rxd5 27.Rxe7 Rf5 28.Rad7 Rc8 29.Rc7 Rd8
30.Rcd7 Rc8 31.Rc7 Rxc7 32.Rxc7 Rf6 33.Ra7 Kg7 34.Kh2 Rxf2 35.Rxa6 f5 36.Kg3 Rf1
37.Rb6 Kh6 38.Rxb5 Kh5 39.Kh2 Kxh4 40.g3+ Kh5 41.a4 Ra1 42.a5 Ra2+ 43.Kg1 Ra1+
44.Kf2 Ra2+ 45.Kg1 Ra3 46.Kg2 Ra2+ 47.Kg1  1/2-1/2

[Event "2nd Invitational"]
[Site "Saint Louis USA"]
[Date "2012.04.11"]
[Round "4"]
[White "Margvelashvili,G"]
[Black "Finegold,B"]
[Result "1-0"]
[WhiteElo "2547"]
[BlackElo "2505"]

1.Nf3 Nf6 2.c4 c6 3.g3 g6 4.Bg2 Bg7 5.O-O O-O 6.d4 d5 7.Qb3 Qb6 8.Nc3 dxc4
9.Qxc4 Be6 10.Qa4 Na6 11.e4 Rad8 12.h3 Nd7 13.Rd1 Qb4 14.Qc2 Nb6 15.Bg5 Rfe8
16.Bf1 Bxd4 17.a3 Qc5 18.Rxd4 Rxd4 19.Be3 Red8 20.Nxd4 Rxd4 21.Rd1 Rxd1 22.Bxc5 Rxf1+
23.Kxf1 Bxh3+ 24.Kg1 Nxc5 25.Qd2 Ncd7 26.Qf4 h5 27.Qh4 Be6 28.Qxe7 Nc4 29.Ne2 Nde5
30.Nd4  1-0

[Event "2nd Invitational"]
[Site "Saint Louis USA"]
[Date "2012.04.11"]
[Round "5"]
[White "Finegold,B"]
[Black "Arnold,Mar"]
[Result "0-1"]
[WhiteElo "2505"]
[BlackElo "2502"]

1.e4 c5 2.Nf3 e6 3.c3 Nf6 4.e5 Nd5 5.d4 cxd4 6.cxd4 d6 7.Bc4 Nb6 8.Bd3 dxe5
9.Nxe5 Nc6 10.Nxc6 bxc6 11.Be3 Be7 12.Nd2 Nd5 13.Ne4 Rb8 14.Qc1 Qa5+ 15.Bd2 Qa4
16.Bc3 Nb4 17.Bb1 Ba6 18.Qd1 Qxd1+ 19.Kxd1 O-O 20.a3 Nd5 21.Kc2 Rfd8 22.g3 Nf6
23.Nxf6+ Bxf6 24.Rd1 Be2 25.Rd2 Bf3 26.h4 g5 27.Kd3 g4 28.b4 e5 29.Kc4 Bd5+
30.Kd3 exd4 31.Bxd4 Bg2  0-1

[Event "2nd Invitational"]
[Site "Saint Louis USA"]
[Date "2012.04.12"]
[Round "6"]
[White "Brooks,M"]
[Black "Finegold,B"]
[Result "0-1"]
[WhiteElo "2456"]
[BlackElo "2505"]

1.e4 c5 2.Nf3 Nc6 3.d4 cxd4 4.Nxd4 Nf6 5.Nc3 d6 6.Bc4 Qb6 7.Nb3 e6 8.Qe2 Be7
9.Be3 Qc7 10.g4 a6 11.Bd3 b5 12.g5 Nd7 13.O-O-O Nc5 14.f4 b4 15.Nd5 exd5
16.exd5 Nxd3+ 17.Qxd3 Na5 18.Bd4 O-O 19.Nxa5 Qxa5 20.Rde1 Bd8 21.Bxg7 Kxg7
22.Rhg1 Qxa2 23.g6 fxg6  0-1

[Event "2nd Invitational"]
[Site "Saint Louis USA"]
[Date "2012.04.12"]
[Round "7"]
[White "Finegold,B"]
[Black "Yang,Dar"]
[Result "0-1"]
[WhiteElo "2505"]
[BlackElo "2448"]

1.Nf3 d5 2.d4 Nf6 3.c4 e6 4.Nc3 c6 5.Bg5 dxc4 6.e4 b5 7.e5 h6 8.Bh4 g5 9.Nxg5 hxg5
10.Bxg5 Nbd7 11.exf6 Bb7 12.g3 Qb6 13.Bg2 c5 14.dxc5 Bxc5 15.O-O O-O-O 16.Qe2 Rdg8
17.h4 Nxf6 18.Bxf6 Rxg3 19.Ne4 Rhg8 20.Bg5 Qc6 21.Rae1 f5 22.Kh2 Rxg2+ 23.Kxg2 fxe4
24.Qg4 Qd5 25.Rd1 Qe5 26.Kh3 Rf8 27.f4 exf3 28.Rfe1 Qc7 29.Qxe6+ Kb8 30.Qe5 f2
31.Qxc7+ Kxc7 32.Rf1 Be4 33.Kg3 Bd3 34.Bf4+ Kc6 35.Bg5 Bxf1 36.Rxf1 Kd5 37.Kg2 Ke4
38.Rd1 b4 39.Kf1 c3 40.bxc3 bxc3  0-1

[Event "2nd Invitational"]
[Site "Saint Louis USA"]
[Date "2012.04.13"]
[Round "8"]
[White "Molner,M"]
[Black "Finegold,B"]
[Result "1-0"]
[WhiteElo "2465"]
[BlackElo "2505"]

1.e4 c5 2.Nf3 Nc6 3.d4 cxd4 4.Nxd4 Nf6 5.Nc3 d6 6.Bg5 e6 7.Qd2 a6 8.O-O-O Bd7
9.f3 Be7 10.h4 h6 11.Be3 h5 12.Bg5 Ne5 13.Kb1 Qc7 14.f4 Neg4 15.g3 b5 16.a3 Rb8
17.Bh3 b4 18.axb4 Rxb4 19.Bxg4 hxg4 20.Rhe1 Qb7 21.Nb3 Bc6 22.e5 dxe5 23.fxe5 Nd5
24.Bxe7 Qxe7 25.Nd4 Ba8 26.Nxd5 Bxd5 27.Nf5 exf5 28.Qxd5 O-O 29.e6 Rb5 30.Qc4 fxe6
31.Rxe6 Qf7 32.Rdd6 f4 33.gxf4 Rf5 34.Rd4 g3 35.Rg6 Qxc4 36.Rxc4 Rxf4 37.Rc3 a5
38.Rcxg3 R8f7 39.R6g5 a4 40.R3g4 Kf8 41.Ka2 Rf2 42.Rc5 Ra7 43.Rcc4 Kg8 44.Rxa4 Rxa4+
45.Rxa4 Rxc2 46.Rf4  1-0

[Event "2nd Invitational"]
[Site "Saint Louis USA"]
[Date "2012.04.13"]
[Round "9"]
[White "Finegold,B"]
[Black "Sevillano,E"]
[Result "1-0"]
[WhiteElo "2505"]
[BlackElo "2502"]

1.b3 e5 2.Bb2 Nc6 3.e3 Nf6 4.Bb5 d6 5.d4 Bd7 6.dxe5 dxe5 7.Nf3 e4 8.Bxc6 Bxc6
9.Qxd8+ Rxd8 10.Ne5 Bd5 11.Nd2 Bb4 12.O-O-O O-O 13.h3 Rfe8 14.g4 b6 15.g5 Nh5
16.Rhg1 Be7 17.Nb1 Bb7 18.Rxd8 Rxd8 19.Nc3 a6 20.Ne2 c5 21.a4 b5 22.Nc3 b4
23.Nb1 f6 24.gxf6 Nxf6 25.Nd2 Re8 26.Ndc4 Bf8 27.Nb6 Re6 28.a5 Bd6 29.Nec4 Be7
30.Rd1 Bc6 31.Be5 Ne8 32.Bg3 Rh6 33.Nc8 Bf6 34.Na7 Bc3 35.Be5 Bb5 36.Bxc3 Bxc4
37.Bxb4 Be2 38.Rd8 cxb4 39.Rxe8+ Kf7 40.Rxe4 Rxh3 41.Nc6 h5 42.Kd2 Bf1 43.Nxb4 g5
44.c4 Rh2 45.c5 Rxf2+ 46.Ke1 Rf6 47.Nd5 Rf5 48.c6 Bh3 49.Re7+ Kf8 50.Rd7 Rf1+
51.Kd2 Bg4 52.Rd8+ Kg7 53.e4 h4 54.Ne3 Rf2+ 55.Kd3 Be6 56.Rd6 h3 57.Rxe6 h2
58.Rh6 Kxh6 59.Ng4+  1-0

[Event "21st Chicago Open"]
[Site "Wheeling USA"]
[Date "2012.05.24"]
[Round "1"]
[White "Finegold,B"]
[Black "Williams,Justus D"]
[Result "1-0"]
[WhiteElo "2494"]
[BlackElo "2189"]

1.b3 e5 2.Bb2 Nc6 3.e3 g6 4.f4 Bg7 5.Nf3 d6 6.Bb5 Ne7 7.fxe5 O-O 8.O-O dxe5
9.Bxc6 Nxc6 10.e4 Bg4 11.d3 Bxf3 12.Rxf3 f5 13.Nd2 Qd7 14.Kh1 f4 15.Rf2 g5
16.h3 Rf6 17.Nf3 Rg6 18.Nh2 Nd8 19.Rd2 Rd6 20.Qe2 c5 21.a3 Nc6 22.b4 cxb4
23.axb4 Nxb4 24.Nf3 g4 25.Nxe5 Bxe5 26.Bxe5 Rg6 27.Bxf4 gxh3 28.g3 Re8 29.Qh5 Qd4
30.Rf1 a5 31.Qxa5  1-0

[Event "21st Chicago Open"]
[Site "Wheeling USA"]
[Date "2012.05.25"]
[Round "2"]
[White "Abrahamyan,T"]
[Black "Finegold,B"]
[Result "0-1"]
[WhiteElo "2329"]
[BlackElo "2494"]

1.e4 c5 2.Nf3 Nc6 3.d4 cxd4 4.Nxd4 Nf6 5.Nc3 d6 6.Bc4 e6 7.O-O Be7 8.Kh1 O-O
9.Bb3 a6 10.f4 Nxd4 11.Qxd4 Nd7 12.e5 Nc5 13.Be3 dxe5 14.Qxd8 Rxd8 15.Bxc5 Bxc5
16.fxe5 b6 17.Ne4 Bb7 18.Nxc5 bxc5 19.Rad1 Bc6 20.Kg1 Bb5 21.c4 Bc6 22.Kf2 Kf8
23.Rxd8+ Rxd8 24.Rd1 Rc8 25.g3 Ke7 26.Ke3 f6 27.exf6+ gxf6 28.Bc2 f5 29.Rf1 Rg8
30.Rf4 Kf6 31.Rf2 Ke5 32.Rd2 h5 33.Kf2 h4 34.Re2+ Kf6 35.Rd2 hxg3+ 36.hxg3 Ke7
37.Bd1 Rh8 38.Ke3 Rh1 39.Bf3 Bxf3 40.Kxf3 Rc1 41.b3 a5 42.Rd3 Rc2 43.a4 Rb2
44.g4 Kf6 45.Re3 e5 46.g5+ Ke6 47.g6 e4+ 48.Kf4 Rg2 49.Rh3 Rxg6 50.Rh8 Rg4+
51.Ke3 Rg3+ 52.Kf4 Rf3+ 53.Kg5 Ke5  0-1

[Event "21st Chicago Open"]
[Site "Wheeling USA"]
[Date "2012.05.26"]
[Round "5"]
[White "Finegold,B"]
[Black "Amanov,M"]
[Result "0-1"]
[WhiteElo "2494"]
[BlackElo "2518"]

1.Nf3 d5 2.c4 e6 3.b3 c5 4.Bb2 Nc6 5.e3 d4 6.exd4 cxd4 7.g3 e5 8.d3 Nf6 9.Bg2 Bd6
10.O-O O-O 11.Re1 Re8 12.a3 a5 13.Nbd2 Bf5 14.Qe2 h6 15.Nh4 Bh7 16.Bh3 Bf8
17.Qf3 g5 18.Ng2 Bg7 19.Bf5 Bxf5 20.Qxf5 Qd7 21.Qxd7 Nxd7 22.Reb1 Nc5 23.Ne1 f5
24.f3 h5 25.g4 hxg4 26.fxg4 e4 27.gxf5 e3 28.Ndf3 g4 29.Ng5 Nxb3 30.Ra2 Nd2
31.Rd1 Rf8 32.Bc1 Rxf5 33.Rdxd2 exd2 34.Bxd2 Ne5 35.Ne4 Raf8 36.Kg2 Nf3 37.Rb2 Be5
38.Nxf3 gxf3+ 39.Kf1 R8f7 40.Be1 Rh7 41.h4 Bf4 42.Rb6 Rg7 43.Nf6+ Kf8 44.Ne4 Be3
45.Bg3 Rf4 46.Ng5 Rg4 47.Rf6+ Ke7 48.Rxf3 Bxg5 49.hxg5 R7xg5 50.Bf2 b5 51.cxb5 Rxb5
52.Be1 a4 53.Bb4+ Ke6 54.Rh3 Rf5+ 55.Ke1 Rg1+ 56.Ke2 Rg2+ 57.Ke1 Re5+ 58.Kf1 Rg6
59.Rh8 Rf6+ 60.Kg2 Rg5+ 61.Kh2 Rf2+ 62.Kh3 Rf3+ 63.Kh4 Rg1 64.Re8+ Kd7 65.Re4 Rf7
66.Rxd4+ Kc8 67.Rc4+ Kb7  0-1

[Event "21st Chicago Open"]
[Site "Wheeling USA"]
[Date "2012.05.27"]
[Round "6"]
[White "Troff,Kayden W"]
[Black "Finegold,B"]
[Result "1/2-1/2"]
[WhiteElo "2276"]
[BlackElo "2494"]

1.d4 Nf6 2.c4 c5 3.d5 e5 4.Nc3 d6 5.e4 Be7 6.f3 Nbd7 7.Be3 Nf8 8.Bd3 Ng6
9.Nge2 O-O 10.O-O h5 11.a3 h4 12.b4 b6 13.Rb1 Nh5 14.Qd2 Ngf4 15.Nxf4 exf4
16.Bf2 Bf6 17.Ne2 Be5 18.Rfd1 Qg5 19.Kf1 h3 20.g4 Bxg4 21.fxg4 Qxg4 22.Ke1 f5
23.Ng1 f3 24.Qe3 Bd4 25.Qxf3 Bxf2+ 26.Qxf2 Rae8 27.Be2 Rxe4 28.Kd2 Qg5+ 29.Kc2 Nf4
30.Bf1 cxb4 31.axb4 Rfe8 32.Nf3 Qf6 33.Re1 b5 34.Nd2 Rxe1 35.Rxe1 Rxe1 36.Qxe1 bxc4
37.Qe3 Qe5 38.Nxc4 Nxd5 39.Qxe5 dxe5 40.b5 e4 41.Kd2 g5 42.Nd6 Ne7 43.Bxh3 g4
44.Bf1 Kg7 45.Ke3 Kf6 46.Bc4 Kg5 47.Bf7 f4+ 48.Kxe4 g3 49.hxg3 fxg3 50.Kf3 Kf6
51.Kxg3 Ke5 52.Nb7 Kd4 53.Kf3 Nd5 54.Nd8 Nc3 55.Ne6+ Ke5 56.Nc7 Kd6  1/2-1/2

[Event "21st Chicago Open"]
[Site "Wheeling USA"]
[Date "2012.05.27"]
[Round "7"]
[White "Ni,V"]
[Black "Finegold,B"]
[Result "0-1"]
[WhiteElo "2228"]
[BlackElo "2494"]

1.d4 Nf6 2.c4 c5 3.d5 e5 4.Nc3 d6 5.e4 Be7 6.Nf3 Nbd7 7.h3 Nf8 8.Bd3 Ng6
9.g3 O-O 10.g4 h5 11.g5 Nh7 12.h4 Bg4 13.Be2 f6 14.Ng1 fxg5 15.Bxg4 hxg4
16.hxg5 Qd7 17.Rh5 Nf4 18.Bxf4 exf4 19.e5 Qf5 20.e6 Nxg5 21.Rh4 Nxe6 22.Rxg4 Nd4
23.Kf1 f3 24.Rg3 Bh4 25.Rh3 Qg4 26.Rh2 Rae8 27.Qd3 Re5 28.Nb5 Rg5 29.Nh3 Ne2
30.Ke1 Nf4  0-1

[Event "21st Chicago Open"]
[Site "Wheeling USA"]
[Date "2012.05.28"]
[Round "8"]
[White "Finegold,B"]
[Black "Coleman,T"]
[Result "1/2-1/2"]
[WhiteElo "2494"]
[BlackElo "2407"]

1.d4 d5 2.Bg5 c6 3.e3 Qb6 4.Qc1 Bf5 5.Nd2 Nd7 6.Ngf3 h6 7.Bh4 Ngf6 8.c4 e6
9.c5 Qc7 10.b4 Be7 11.Be2 Ne4 12.Nxe4 Bxe4 13.Bg3 Qd8 14.O-O Bxf3 15.Bxf3 Bh4
16.Bxh4 Qxh4 17.Qb2 O-O 18.b5 Rfb8 19.a4 e5 20.Ra3 exd4 21.exd4 Nf8 22.g3 Qf6
23.Bg4 Re8 24.Rf3 Qg5 25.Bh3 Re7 26.a5 Rae8 27.a6 bxa6 28.bxc6 Qg6 29.Ra3 Qxc6
30.Qa1 Qf6 31.Rxa6 Ne6 32.Bxe6 Rxe6 33.Rxa7 h5 34.Ra8 h4 35.Rxe8+ Rxe8 36.Qc3 Re6
37.Qd3 Re4 38.Rd1 h3 39.f3 Re6 40.Kf2 g5 41.Re1 Ra6 42.Qe3 Re6 43.Qd3 Ra6
44.Re2 Kf8 45.Qe3 Re6 46.Qd3 Ra6 47.Qe3 Re6 48.Qd2 Ra6 49.Re5 Ra3 50.Re3 Ra4
51.Rd3 Ra1 52.Qb2 Rh1 53.Qb8+ Kg7 54.g4 Qa6 55.Qe5+ f6 56.Qe7+ Kg6 57.Qe8+ Kg7
58.Qe7+ Kg6 59.Qe8+  1/2-1/2

[Event "21st Chicago Open"]
[Site "Wheeling USA"]
[Date "2012.05.28"]
[Round "9"]
[White "Finegold,B"]
[Black "Ivanisevic,I"]
[Result "0-1"]
[WhiteElo "2494"]
[BlackElo "2655"]

1.d4 Nf6 2.Nf3 d5 3.c4 c6 4.cxd5 cxd5 5.Nc3 Nc6 6.Bf4 a6 7.e3 Bg4 8.Be2 Bxf3
9.Bxf3 e6 10.O-O Bd6 11.Bxd6 Qxd6 12.Rc1 O-O 13.Na4 e5 14.dxe5 Nxe5 15.Nc3 Rad8
16.Be2 Nc6 17.Qd3 d4 18.exd4 Nxd4 19.Bd1 Rfe8 20.Qg3 Qb4 21.Rb1 Qc4 22.Bf3 b5
23.Rbc1 h6 24.b3 Qb4 25.Nd1 Ne4 26.Qc7 Nd2 27.Ne3 Nxf1 28.Rxf1 Qd2 29.Rd1 Qxa2
30.Bd5 Rxd5 31.Nxd5 Qd2  0-1

[Event "US Chess League 2012"]
[Site "ICC INT"]
[Date "2012.09.05"]
[Round "1"]
[White "Becerra Rivero,J"]
[Black "Finegold,B"]
[Result "1-0"]
[WhiteElo "2555"]
[BlackElo "2493"]

1.e4 c5 2.d4 cxd4 3.c3 d3 4.Bxd3 Nc6 5.f4 g6 6.Nf3 Bg7 7.Be3 d5 8.e5 Nh6
9.h3 f6 10.exf6 exf6 11.O-O O-O 12.Na3 Re8 13.Bf2 Nf5 14.Re1 Rxe1+ 15.Qxe1 Qe7
16.g4 Qxe1+ 17.Rxe1 Nfe7 18.Nb5 b6 19.Nc7 Rb8 20.Nxd5 Nxd5 21.Bc4 Kf8 22.Bxd5 Bd7
23.Nd4 Nxd4 24.Bxd4 Rd8 25.Bb3 h5 26.Bd1 hxg4 27.hxg4 f5 28.Bxg7+ Kxg7 29.g5 Be8
30.Bb3 Kf8 31.Rd1 Rc8 32.Kf2 a5 33.Rd6 a4 34.Bd5 a3 35.Rxb6 axb2 36.c4 Bf7
37.Rxb2 Bxd5 38.cxd5 Rc4 39.Ke3 Ke7 40.Rb6 Re4+ 41.Kf3 Ra4 42.Rxg6 Ra3+ 43.Ke2 Rxa2+
44.Ke3 Ra1 45.Re6+ Kd7 46.Kd4  1-0

[Event "US Chess League 2012"]
[Site "ICC INT"]
[Date "2012.09.12"]
[Round "2"]
[White "Finegold,B"]
[Black "Huschenbeth,N"]
[Result "1-0"]
[WhiteElo "2493"]
[BlackElo "2536"]

1.d4 Nf6 2.c4 e6 3.Nc3 Bb4 4.Qc2 O-O 5.Nf3 c5 6.dxc5 Na6 7.Bd2 Nxc5 8.a3 Bxc3
9.Bxc3 b6 10.Ng5 g6 11.b4 h6 12.bxc5 hxg5 13.Qd3 Bb7 14.Qd4 Kg7 15.h4 bxc5
16.Qxc5 g4 17.Rd1 d5 18.Qd4 Rh8 19.h5 Rh6 20.Qe5 Rc8 21.e3 Qe7 22.Rh4 Bc6
23.Rxg4 Ba4 24.Rf4 gxh5 25.Rxf6  1-0

[Event "US Chess League 2012"]
[Site "ICC INT"]
[Date "2012.09.17"]
[Round "3"]
[White "Finegold,B"]
[Black "Bhat,V"]
[Result "1/2-1/2"]
[WhiteElo "2493"]
[BlackElo "2511"]

1.d4 d5 2.c4 c6 3.Nc3 Nf6 4.cxd5 cxd5 5.Bf4 Qb6 6.Rc1 Bd7 7.e3 Qxb2 8.Bd3 e6
9.Nge2 Qa3 10.Rb1 Bc6 11.O-O a6 12.Rb3 Qa5 13.Qb1 b5 14.e4 b4 15.Rc1 Nbd7
16.Nxd5 Bxd5 17.Bc7 Qa4 18.exd5 Nxd5 19.Be4 N7f6 20.Nf4 Qd7 21.Nxd5 Nxd5
22.Be5 f6 23.Bg3 Be7 24.Re3 Kf7 25.Bxd5 Qxd5 26.Rce1 Rhe8 27.Qxh7 Qf5 28.Qh4 Rh8
29.Qe4 Qxe4 30.Rxe4 Rhd8 31.Rxe6 Bf8 32.R6e4 Rac8 33.Kf1 Rc2 34.R1e2 Rc1+
35.Re1 Rc2 36.R1e2 Rc1+  1/2-1/2

[Event "US Chess League 2012"]
[Site "ICC INT"]
[Date "2012.09.26"]
[Round "4"]
[White "Hess,Ro"]
[Black "Finegold,B"]
[Result "1-0"]
[WhiteElo "2595"]
[BlackElo "2493"]

1.e4 e5 2.Nf3 Nc6 3.Bb5 Nf6 4.O-O Bc5 5.Bxc6 dxc6 6.d3 Qe7 7.Bg5 h6 8.Bh4 Bg4
9.Nbd2 O-O-O 10.h3 Bxf3 11.Qxf3 g5 12.Bg3 Nd7 13.Nc4 f6 14.c3 Qe6 15.b4 Be7
16.Ne3 h5 17.Rfd1 Nf8 18.d4 Ng6 19.Rab1 Bd6 20.Nf5 Kb8 21.d5 cxd5 22.exd5 Qd7
23.c4 Ne7 24.Nxd6 cxd6 25.Qxf6 Nf5 26.c5 g4 27.h4 Rhf8 28.Qg5 Nxg3 29.fxg3 Rf5
30.Qe3 Rdf8 31.Rbc1 Rc8 32.Qh6 a6 33.cxd6 Rff8 34.Qe6 Rxc1 35.Rxc1 Rd8 36.Qxe5 Qxd6
37.Re1 Ka7 38.Qxd6 Rxd6 39.Re5 Kb6 40.Rxh5 Kb5 41.Rg5 Kxb4 42.Rxg4+ Kc5 43.h5 Kxd5
44.Rg7 b5 45.g4 Rh6 46.Kf2 b4 47.Kg3 Kc4 48.Rg6  1-0

[Event "US Chess League 2012"]
[Site "ICC INT"]
[Date "2012.10.09"]
[Round "6"]
[White "Finegold,B"]
[Black "Stripunsky,A"]
[Result "1/2-1/2"]
[WhiteElo "2493"]
[BlackElo "2566"]

1.d4 d5 2.c4 e6 3.Nf3 c5 4.cxd5 exd5 5.Bg5 Be7 6.Bxe7 Qxe7 7.dxc5 Qxc5 8.Nc3 Nf6
9.Qd4 Qa5 10.Qa4+ Qxa4 11.Nxa4 Ke7 12.e3 Bg4 13.Nd4 Rc8 14.f3 Bd7 15.Nc3 Nc6
16.Rd1 h5 17.Kf2 Ne5 18.Bd3 g6 19.Rhe1 a6 20.Bf1 Kf8 21.e4 dxe4 22.Nxe4 Nxe4+
23.Rxe4 Nc6 24.Nxc6 Bxc6 25.Red4  1/2-1/2

[Event "US Chess League 2012"]
[Site "ICC INT"]
[Date "2012.10.15"]
[Round "7"]
[White "Schroer,J"]
[Black "Finegold,B"]
[Result "1/2-1/2"]
[WhiteElo "2353"]
[BlackElo "2493"]

1.d4 d5 2.c4 Nc6 3.Nc3 Nf6 4.Nf3 dxc4 5.e3 Bg4 6.Bxc4 e6 7.h3 Bh5 8.Bb5 Bd6
9.e4 Nd7 10.Be3 O-O 11.a3 e5 12.g4 Bg6 13.Bxc6 bxc6 14.O-O Re8 15.dxe5 Nxe5
16.Nxe5 Rxe5 17.Bf4 Re6 18.Bxd6 Rxd6 19.Qa4 Qh4 20.Kg2 h5 21.e5 Rd3 22.Rh1 Rad8
23.Rad1 Rd2 24.Qf4 Be4+ 25.Nxe4 Rxd1 26.Rxd1 Rxd1 27.Ng5 Rd7 28.Qf5 hxg4
29.e6 gxh3+ 30.Kh2 fxe6 31.Qxe6+ Kf8 32.Qf5+ Kg8 33.Qe6+ Kf8 34.Qf5+ Ke8
35.Qe6+ Kf8  1/2-1/2

[Event "US Chess League 2012"]
[Site "ICC INT"]
[Date "2012.10.25"]
[Round "8"]
[White "Amanov,Z"]
[Black "Finegold,B"]
[Result "0-1"]
[WhiteElo "2373"]
[BlackElo "2493"]

1.e4 c6 2.c4 e5 3.Nf3 d6 4.d4 Nd7 5.Nc3 Ngf6 6.Be2 Be7 7.O-O O-O 8.Re1 a6
9.d5 Nc5 10.Bf1 a5 11.Rb1 Bd7 12.Nd2 Qb8 13.Nb3 Nxb3 14.Qxb3 cxd5 15.cxd5 a4
16.Qd1 Rc8 17.Bd2 Bd8 18.Bd3 Bb6 19.Qe2 Bg4 20.Qf1 Nd7 21.h3 Bh5 22.Bb5 Nc5
23.Kh2 Bg6 24.f4 exf4 25.Qxf4 Bd8 26.Qf3 Bf6 27.Nd1 Rc7 28.Bc3 Bxc3 29.Nxc3 Re7
30.Rbd1 f6 31.Rd4 Be8 32.Qg3 Re5 33.Bxe8 Qxe8 34.Rf1 Qe7 35.Rf5 g6 36.Rxe5 fxe5
37.Rd2 b5 38.a3 Rb8 39.Rf2 b4 40.axb4 Rxb4 41.Qg4 Kg7 42.Qe2 h5 43.Rf1 h4
44.Rf3 Rb8 45.Qf2 Rb3 46.Qe2 Rb4 47.Rf2 Qg5 48.Rf3 Rb7 49.Qf2 Kh6 50.Qe2 Nb3
51.Qa6 Nd4 52.Qxb7 Nxf3+ 53.gxf3 Qg3+ 54.Kh1 Qxh3+ 55.Kg1 Qg3+ 56.Kf1 h3
57.Qf7 Qg2+ 58.Ke1 h2 59.Qf8+ Kh5 60.Qh8+ Kg5 61.Qd8+ Kh5 62.Qh8+ Kg5 63.Qd8+ Kf4
64.Qf6+ Ke3 65.Nd1+ Kd4 66.Nf2 h1=Q+ 67.Nxh1 Ke3  0-1

[Event "CCSCSL GM Inv"]
[Site "Saint Louis USA"]
[Date "2012.11.26"]
[Round "1.1"]
[White "Zierk,S"]
[Black "Finegold,B"]
[Result "1-0"]
[WhiteElo "2475"]
[BlackElo "2499"]

1.e4 e5 2.Nf3 Nc6 3.Bc4 Be7 4.d4 d6 5.dxe5 dxe5 6.Qe2 Nf6 7.O-O O-O 8.Rd1 Qe8
9.h3 Bc5 10.Bg5 Nh5 11.Nc3 Nf4 12.Qd2 Be6 13.Nd5 Bd6 14.Bxf4 exf4 15.Bb5 a6
16.Bxc6 Qxc6 17.Nd4 Qe8 18.Nxf4 Bd7 19.Qe3 Qe5 20.Nf3 Qxb2 21.e5 Rfe8 22.Rab1 Qxc2
23.Qd4 Bf5 24.exd6 Re4 25.Qd3 Rxf4 26.Qxc2 Bxc2 27.dxc7 Bxd1 28.Rxd1 Re4
29.Ng5 Ree8 30.Rd7 Rf8 31.Ne4 b5 32.Kf1 b4 33.Ke2 a5 34.Kd3 a4 35.Kc2 Ra6
36.Nd6 Rc6+ 37.Kb1 g6 38.Nb7 Re8 39.Rd8 Kf8 40.Nd6 Rxc7 41.Rxe8+ Kg7 42.Re4 Rc6
43.Rd4 b3 44.axb3 axb3 45.Nc4 Rf6 46.f3 Ra6 47.Rd3 Ra2 48.Ne3 f5 49.Rxb3 Re2
50.g3 Rh2 51.h4 f4 52.Rb7+ Kf8 53.gxf4 Rxh4 54.Ng4 Rh3 55.Ne5 Rh4 56.Kc2 Kg8
57.Rb4 Rh1 58.Kd3 Kg7 59.Ke3 Kf6 60.Ng4+ Kf7 61.Rb7+ Ke6 62.Rb6+ Kf7 63.f5 gxf5
64.Nh6+ Kf8 65.Nxf5 Kf7 66.Kf4 Ra1 67.Nh6+ Kg7 68.Kg5 Ra5+ 69.Nf5+ Kf7 70.Rf6+ Kg8
71.f4 Rb5 72.Rd6 Rb1 73.Kf6 h5 74.Rd8+ Kh7 75.Rd7+ Kg8 76.Nh6+ Kh8 77.Nf7+  1-0

[Event "CCSCSL GM Inv"]
[Site "Saint Louis USA"]
[Date "2012.11.27"]
[Round "3.1"]
[White "Sarkar,J"]
[Black "Finegold,B"]
[Result "1-0"]
[WhiteElo "2414"]
[BlackElo "2499"]

1.d4 d5 2.c4 Nc6 3.cxd5 Qxd5 4.e3 e5 5.Nc3 Bb4 6.Bd2 Bxc3 7.Bxc3 exd4 8.Ne2 Nf6
9.Nxd4 O-O 10.Nxc6 Qxc6 11.Rc1 Re8 12.Bd4 Qd6 13.Bd3 Bg4 14.f3 Bh5 15.Kf2 Bg6
16.Bc4 Rad8 17.Qb3 c5 18.Bc3 b6 19.Bb5 Rf8 20.Rcd1 Qe7 21.e4 h5 22.h4 Ne8
23.Rxd8 Qxd8 24.g3 Nd6 25.Rd1 Qe7 26.Be2 Rd8 27.Rd5 Kh7 28.Qd1 f6 29.e5 fxe5
30.Bxe5 Nf7 31.Rxd8 Nxd8 32.Qd6 Qe8 33.Qc7 Bf7 34.f4 Kg8 35.Bxh5 g6 36.Bxg6  1-0

[Event "CCSCSL GM Inv"]
[Site "Saint Louis USA"]
[Date "2012.11.28"]
[Round "5.1"]
[White "Molner,M"]
[Black "Finegold,B"]
[Result "1/2-1/2"]
[WhiteElo "2489"]
[BlackElo "2499"]

1.e4 e5 2.Nf3 Nf6 3.Nxe5 d6 4.Nxf7 Kxf7 5.Nc3 c5 6.Bc4+ Be6 7.Bxe6+ Kxe6
8.g4 h6 9.d3 Nc6 10.f4 Kd7 11.Be3 g5 12.fxg5 hxg5 13.Qf3 Be7 14.O-O-O Nd4
15.Bxd4 cxd4 16.Qf5+ Ke8 17.Qg6+ Kd7 18.Qf5+ Ke8 19.Qg6+ Kd7  1/2-1/2

[Event "CCSCSL GM Inv"]
[Site "Saint Louis USA"]
[Date "2012.11.29"]
[Round "7.1"]
[White "Priyadharshan,K"]
[Black "Finegold,B"]
[Result "1/2-1/2"]
[WhiteElo "2408"]
[BlackElo "2499"]

1.e4 c5 2.Nf3 a6 3.c3 e6 4.d4 d5 5.exd5 exd5 6.Be3 c4 7.g3 Bd6 8.Bg2 Ne7
9.O-O O-O 10.Nh4 Be6 11.Nd2 Nd7 12.Re1 b5 13.Qc2 h6 14.f4 Nf6 15.f5 Bd7 16.Kh1 Qc7
17.Bg1 Rae8 18.Nf1 Ne4 19.Bxe4 dxe4 20.f6 Ng6 21.Ng2 gxf6 22.Nfe3 f5 23.Rf1 f4
24.gxf4  1/2-1/2